000
00283nam a22001337a 4500
008
181018b xxu||||| |||| 00| 0 eng d
020
_a
9781585422555
041
_a
eng
080
_a
910
100
_a
42
101
_a
GEO
245
_a
Mars On Earth
_c
Zubrin.R
942
_2
udc
_c
BK
999
_c
50095
_d
50095